| 000 | 00945nam a2200265 a 4500 | ||
|---|---|---|---|
| 003 | DO-SdBNP | ||
| 005 | 20240412074010.0 | ||
| 007 | ta | ||
| 008 | 220114b2007 dr a|||jr6||| 00| jdspa d | ||
| 040 |
_aDO-SdBNP _bspa _cBNP |
||
| 082 |
_222 _a863.44 _bM671p |
||
| 100 | 1 | 0 |
_aMir, Pedro, _d1913-2000 _97245 |
| 245 | 1 | 0 |
_aEl pacto : _bun cuento de Pedro Mir / _cIlustración, Teresa Jiménez; Editor, Verónica Sención. |
| 260 |
_aSanto Domingo : _bAlfa y Omega, _c2007 |
||
| 300 |
_a(12 p.) : _bil. ; _c27 cm |
||
| 500 | _aIncluye datos biográficos del autor en la página 1. | ||
| 590 | _aInventariado, 2022 / SA | ||
| 650 | 4 |
_aCuentos _980930 _2República Dominicana |
|
| 650 | 4 |
_aLiteratura _980931 _zRepública Dominicana |
|
| 650 | 4 |
_aTiras Cómicas, Historietas, etc _911307 _zRepública Dominicana |
|
| 700 | 1 |
_aSención, Verónica _eed. _980932 |
|
| 700 | 1 |
_aJiménez, Teresita _eil. _925163 |
|
| 910 | _aSaquino | ||
| 942 |
_2ddc _cLF2 |
||
| 999 |
_c51165 _d51165 |
||